Personnages d'anime (manga) en images - P - Statistiques

Statistiques générales
  • Ce quiz a été pris 245 fois
  • Le résultat moyen est 5 sur 20
Statistiques - réponses
Par images Réponse % Correct
Pikachu
99%
Panda
85%
Piccolo
77%
Power
60%
Pingu
48%
Pantherlily
35%
Plue
21%
Pappag
19%
Pegasus J Crawford
19%
Ponzu
16%
Paul Greyrat
11%
Pesche Gatiche
9%
Piña Co Lada
9%
Pinako Rockbell
8%
Pig God
4%
Paca
2%
Peter Grill
2%
Popuko
2%
Pipe
1%
Ponta
1%
Aucun quiz correspondant
Distribution des résultats
% des personnes avec chaque résultat
Percentile par nombre de réponses
Votre historique - résultats
Vous n’avez pas pris ce quiz